1584 1536 1568 1451 1777 1126 1697 1530 1906 1298 1211 1719 1205 1001 1193 1777 1980 1225 1610 1693 1288 1961 1884 1939 1124 1389 1686 1903 1470 1104 1828 1439 1193 1355 1342 1190 1868 1616 1643 1540 1791 1102 1038 1366 1909 1170 1351 1544 1275 1347 1948 1247 1689 1566 1417 1097 1035 1683 1205 1582 1520 1852 1363 1416 1295 1255 1300 1057 1365 1319 1729 1990 1617 1839 1722 1938 1172 1113 1184 1173 1292 1723 1931 1580 1403 1078 1316 1897 1741 1757 1154 1704 1484 1862 1346 1148 1463 1229 1651 BCNSPRNW ULIB Ver.6.0+V

เปลี่ยนเป็นภาษาไทย

Change to English
 แสดงรายละเอียดบรรณานุกรม
  กลับหน้าหลัก

Brief Record : Get Marc (ISO 2709) : E-mail record : QR code < ปิดหน้าต่าง
LEADER : 00000nas 2200000uu 4500
001    13399124396
003     ULIB
008    020711s|||| th a 000 0 tha d
022    24081280
110    สมาคมผู้ปฏิบัติการพยาบาลขั้นสูง
245    วารสารการปฏิบัติการพยาบาลและการผดุงครรภ์ไทย/^cสมาคมผู้ปฏิบัติการพยาบาลขั้นสูง(ประเทศไทย)
260    นนทบุรี :^bสมาคมผู้ปฏิบัติการพยาบาลขั้นสูง,^cม.ป.ป.
310    ^aราย 6 เดือน
850 ^a ULIB^bปีที่ 1 ฉบับที่ 1 ฉ.1
945    ^p0^l0^i903047
รายการนี้ยังไม่มีแท็ก
คุณยังไม่ได้ล็อกอิน คุณสามารถมีกิจกรรมร่วมกับเว็บไซต์ได้ แต่ต้องล็อกอินก่อน ::
  ล็อกอิน

รายการสื่อสารสนเทศ (วารสาร)

ดูแบบ: กล่อง รายการ
ARRIVED
ปีที่ 1 ฉบับที่ 1 ฉ.1
สถานที่: ห้องสมุดวิทยาเขตสวรรค์ประชารักษ์ >วารสาร

BibComment


ยังไม่เคยถูกคอมเมนท์

คอมเมนท์ทรัพยากรรายการนี้
  คอมเมนท์: วารสารการปฏิบัติก..


 Copyright 2026. Bcnsprnw @Library